000 00555nam a2200157Ia 4500
008 220531s9999 xx 000 0 und d
041 _amar
100 _aदेहदराय स्‍वाती
_955497
245 _aभारतातील स्‍त्री अभ्‍यास : संस्‍था आणि व्‍यवहारांचा वेध
260 _bSavitribai Phule Aabhyas Kendra
_c2009
300 _a90
542 _d04-03-2010
650 _aSociology
_955498
906 _d2009-2010
999 _c32051
_d32051